01181pab a2200157 454500008004000000100002100040245006500061260000900126300001100135362000800146520075100154650004400905650002800949700002000977773002600997180718b2001 xxu||||| |||| 00| 0 eng d aKavanagh, Dennis aDepartmentalism and joined-up government: back to the future c2001 ap.1-18 aJan aAs part of its modernising approach to policy-making, the Blair government has emphasised the need for joined-up government. It is concerned to tackle `wicked' issues which are not the responsibility of any other department. Departments and units have been urged to concentrate on delivering outcomes regardless of departmental boundaries. The authors show that this approach poses serious challenges to long-established Whitehall and ministerial patterns of behaviour and incentives. A review of previous attempts to combat departmentalism shows how and why they failed. The authors conclude that the present programme will have to be extended and the Whitehall system radically reformed if joined-up government is to succeed. - Reproduced aGreat Britain - Politics and government aPolitics and government aRichards, David aParliamentary Affairs